00307nam a22000977a 4500082001200000100001800012245007900030260004200109650002600151700003200177 a200 THE aRoohi Hussain aTH-SOF-1057-ENSEMBLE MODEL FOR CLASSIFICATION OF EMAILS BY MAJORITY VOTING aIslamabad bNUST College of EMEc2014 a MS-CSE-12 MSTHESIS  aSupervisor Dr. Usman Qamar